| 000 | 00742nam a22002177a 4500 | ||
|---|---|---|---|
| 999 |
_c16491 _d16491 |
||
| 003 | AR-CdUCM | ||
| 008 | 190503b ||||| |||| 00| 0 spa d | ||
| 040 |
_aMUNICIPALIDAD PROVINCIAL DEL CUSCO _cBIBLIOTECA MUNICIPAL DEL CUSCO |
||
| 082 |
_a869.964 / _bS21 / 1943 |
||
| 100 |
_aSantovenia, Emeterio S. _935963 |
||
| 245 |
_aMartí : _bLegislador / |
||
| 260 |
_aBuenos Aires : _bLosada, _c1943. |
||
| 300 |
_a156 páginas ; _c22 cm. |
||
| 440 |
_aCristal del tiempo _919951 |
||
| 505 | _aContenido : Tiempos de creación -- Un ideal político -- Condiciones de la ley -- Condiciones del legislador ... | ||
| 650 |
_aDerecho _9739 |
||
| 650 |
_aPolítica _9291 |
||
| 650 |
_aLeyes _94808 |
||
| 942 |
_2ddc _cLIBROS |
||
| 945 |
_arah _d03/05/2019 |
||